000 00470nam a2200121Ia 4500
008 220216s9999 xx 000 0 und d
100 _aChauhan S S
245 0 _aDimensional stabilization of rubber wood by chemical modification
260 _bIn: Proceedings of National Seminar on Processing and utilization of Plantation Timbers and Bamboo, 23-24 July 1998, IPIRTI, Bangalore, India. pp. 164-168.
_c1998
700 _aKarmarkar A
700 _aPandey K K
942 _cBO
999 _c48236
_d48236